| 000 | 00441nam a2200217Ia 4500 | ||
|---|---|---|---|
| 003 | IT-RoPAU | ||
| 008 | 120407s9999 xx 000 0 und d | ||
| 040 | _aIT-RoPAU | ||
| 040 | _cIT-RoPAU | ||
| 041 | _afra | ||
| 100 | _aZuazua Damase | ||
| 245 | _aMystique (la) africaine. | ||
| 250 | _aKinshasa | ||
| 260 | _aBaobab | ||
| 260 | _c1993 | ||
| 300 | _a371 p. | ||
| 300 | _c23,5 cm | ||
| 490 | _v1 | ||
| 942 | _cBK | ||
| 999 |
_c33578 _d33578 |
||